00531nam a2200193 a 4500001001300000003000900013005001700022008004100039020002300080082001900103100001800122245003500140260005400175300000900229500003500238505002400273650002200297700001800319nice12345678IN_TiNIC20260116012326.0050524s1986 isla grp 000 0 eng  a9694086 c10000a500.80297bSAU aSaud, Mahmmad aIslam and Evolution of Science aIslamabadbInternational Islamic Universityc1986 a154p aincludes index and biblioraphy2 aBibliography, Index aIslam and Science1 aSaud, Mahmmad